Agarra a Etiqueta Energética (Registo nº 6146)
[ vista simples ]
| 000 -Etiqueta do registo | |
|---|---|
| Valores | 00890nam 22002293 4500 |
| 010 ## - Número ISBN | |
| ISBN | 978-972-8646-83-7 |
| 021 ## - Número do Depósito Legal | |
| Número | 502002/22 |
| 100 ## - Dados gerais de processamento | |
| Dados gerais | 20260331d2022 u||y0pory50 ba |
| 200 ## - Titulo e menção de responsabilidade | |
| Título próprio | Agarra a Etiqueta Energética |
| Primeira menção de responsabilidade | Adene |
| 210 ## - Publicação | |
| Nome do editor | Adene - Agência para a Energia |
| 215 ## - Descrição física | |
| Paginação / Volumes | 9 p. |
| Outras indicações físicas | muito il. |
| 330 ## - Sumário ou Resumo | |
| Texto da nota | A ADENE desenvolveu um recurso pedagógico dedicado aos consumidores mais jovens, composto num novo livro de atividades infantil "Agarra a Etiqueta", em formato digital e físico, onde as crianças podem descobrir as novas etiquetas energéticas e aprender mais sobre energia. |
| 606 ## - Nome comum usado como assunto | |
| ID Autoridade | 804 |
| Palavra de ordem | Publicação para jovens |
| 606 ## - Nome comum usado como assunto | |
| ID Autoridade | 600 |
| Palavra de ordem | Ambiente |
| 675 ## - CDU | |
| Notação | 087.5 |
| Edição | BN |
| Língua | por |
| 675 ## - CDU | |
| Notação | 502/504 |
| Edição | BN |
| Língua | por |
| 710 ## - Autor principal (colectividade) | |
| ID Autoridade | 5813 |
| Nome da entidade | ADENE - Agência para a Energia |
| 801 ## - Fonte de origem | |
| País | PT |
| Agência | BMVN |
| Regras de catalogação | RPC |
| 830 ## - Notas gerais do catalogador | |
| Criado por | Inês Silva |
| Data de criação | 31/03/2026 |
| 990 ## - Elementos KOHA | |
| Tipo de documento | Livro |
| Situação do levantamento | Biblioteca de origem | Código de barras | Cota | Permissão de empréstimo | Tipo de documento | Forma de aquisição |
|---|---|---|---|---|---|---|
| Biblioteca Escola Nº2 Vendas Novas | 100000025517 | DA AGA | Livro |